000 00312nam a2200097Ia 4500
001 657290
005 20250826154612.0
008 250824s9999 xx 000 0 und d
245 0 _aArkadaşlığın Matematiği Bir Öğretmen ile Öğrencinin Matematik Hakkın
_cSteven Strogatz
260 _bTÜBİTAK YAYINLARI
999 _c657290
_d657290